LEADER 01485nam a2200337 a 4500 001 000000172780 003 CaOOAMICUS 005 20191014131233.0 008 191014s2016 it u000 u ita r 020 $a978-88-921-0258-3* 032 $aLibriCat 040 $aPUL$bita 082 04$a340.54 100 1 $aPuliatti, Salvatore.$0(OLS)http://pul/name/1748 245 10$aDe cuius hereditate agitur : $bil regime romano delle successioni / $cSalvatore Puliatti. 260 $aTorino :$bG. Giappichelli,$cİ2016. 300 $a237 p. ;$c23 cm 500 $aEstratto da: A. Lovato, S. Puliatti, L. Solidoro, Diritto privato Romano 650 4$aSuccessione (diritto romano).$0(OLS)http://pul/subject/40555 650 4$aDiritto romano privato.$0(OLS)http://pul/subject/988 700 1 $aSolidoro, Laura.$0(OLS)http://pul/name/32400 700 1 $aLovato, Andrea.$0(OLS)http://pul/name/102355 850 $aPUL 852 $aPUL$W1$xSL Diritto e Scienze Sociali 3$y79$m340. 54 PULSA 1$j196727$qDDC 21$B201506$CPULBib$Z2$F201506 $H133615 $82 941 1 $a9 960 $aDiritto privato romano$9988 996 $6020$a978-88-921-0258-3*$9(OLS)http://pul/number/166830 996 $6082$a340.54$9(OLS)http://pul/classification/477 996 $6245$aDe cuius hereditate agitur : $bil regime romano delle successioni / $9(OLS)http://pul/title/213796 996 $6260$aTorino :$bG. Giappichelli$9(OLS)http://pul/publisher/49130 LEADER 01633nam a2200349 u 4500 001 000000043026 003 CaOOAMICUS 005 20070226114406.0 008 990318s1991 it u000 u ita u 020 $a8838416605 035 $a10817391 040 $aPUL(R)$bita 100 0 $aIohannes Paulus PP.$bII,$csanto,$d1920-2005.$0(OLS)http://pul/name/1830 245 10$aEuropa :$bun magistero tra storia e profezia /$cGiovanni Paolo II ; a cura di Mario Spezzibottiani ; presentazione di Carlo Maria Card. Martini .. 260 $aCasale Monferrato :$bPiemme,$c1991. 300 $a617 p. ;$c24 cm 500 $a"Indice cronologico": p. 569-579. 504 $aBibliografia in nota. 651 4$aEuropa$xPolitica e governo.$0(OLS)http://pul/subject/19001 700 1 $aMartini, Carlo Maria,$ccardinale, arcivescovo di Milano,$d1927-2012.$0(OLS)http://pul/name/6653 700 1 $aSpezzibottiani, Mario,$csac.$0(OLS)http://pul/name/31531 850 $aPUL 852 $aPUL$W1$xDP1 Cons. Gen., Altre Classi 1$y22$m44 G 33$j58027$nBK-PRI$b $qStampati$B58027$CPULBib$Z2$F58027 $H $81 900 $aWojtyla, Karol,$cs.,$d1920-2005$91830 900 $aGiovanni Paolo II,$cpapa, s.,$d1920-2005$91830 910 $aPapi (1978-2005 : Iohannes Paulus PP. II)$91830 910 $aPapi (1978-2005 : Iohannes Paulus PP. II)$91830 941 1 $a8 961 $aINV: 68670 996 $6020$a8838416605$9(OLS)http://pul/number/53664 996 $6245$aEuropa :$bun magistero tra storia e profezia$9(OLS)http://pul/title/58035 996 $6260$aCasale Monferrato :$bPiemme$9(OLS)http://pul/publisher/51813